Οι ιεροί πολεμιστές του Ισλάμ : η άνοδος του στρατιωτικού Ισλάμ στην Κεντρική Ασία
Αποθηκεύτηκε σε:
| Κύριος συγγραφέας: | |
|---|---|
| Άλλοι συγγραφείς: | |
| Μορφή: | Βιβλίο |
| Γλώσσα: | Greek English |
| Δημοσίευση: |
Αθήνα :
Ενάλιος,
2002.
|
| Σειρά: | Ιστορικό δοκίμιο. Πολιτική ιστορία.
|
| Θέματα: | |
| Ετικέτες: |
Προσθήκη ετικέτας
Δεν υπάρχουν, Καταχωρήστε ετικέτα πρώτοι!
|
MARC
| LEADER | 00000cam a2200000 i 4500 | ||
|---|---|---|---|
| 001 | 1/87770 | ||
| 008 | 051019s2002 gr | ||| |||| ||gre|| | ||
| 020 | |a 9605361191 | ||
| 035 | |l 10080906 | ||
| 040 | |a GR-MyUa |b gre |e AACR2 | ||
| 041 | 1 | |a gre |h eng | |
| 082 | 7 | |a 958.0429 |2 (22) | |
| 100 | 1 | |a Rashid, Ahmed. | |
| 245 | 1 | 3 | |a Οι ιεροί πολεμιστές του Ισλάμ : |b η άνοδος του στρατιωτικού Ισλάμ στην Κεντρική Ασία / |c Αχμέντ Ρασίντ ; μετάφραση από τα αγγλικά: Γιώργος Κουσουνέλος. |
| 260 | |a Αθήνα : |b Ενάλιος, |c 2002. | ||
| 300 | |a 351 σ. : |b χάρτ. ; |c 22 εκ. | ||
| 490 | 1 | |a (Ιστορικό δοκίμιο. Πολιτική ιστορία) | |
| 500 | |a Τίτλος πρωτοτύπου: The rise of militant Islam in Central Asia. | ||
| 504 | |a Περιέχει σημειώσεις, λεξιλόγιο και ευρετήριο. | ||
| 650 | 0 | |a Islamic fundamentalism |z Asia, Central. | |
| 650 | 0 | |a Jihad. | |
| 650 | 0 | |a Islam and politics |z Asia, Central. | |
| 651 | 0 | |a Asia, Central |x Politics and government. | |
| 700 | 1 | |a Κουσουνέλος, Γεώργιος Η., |d 1938- |e trl | |
| 830 | 0 | |a Ιστορικό δοκίμιο. |p Πολιτική ιστορία. | |
| 852 | |a INST |b LESVOS |e 20051019 |h 958.0429 RAS |p 005100032843 |q 005100032843 |t BK |y 0 | ||
| 901 | |a BIBL1-2005-3 | ||
| 922 | |a 1ΕΛΗ |b 200510 |c Παράρτημα Λέσβου |d Χατζηδανιήλ | ||
| 970 | |a ΚΑΡΑ |b ΓΙΑΣΕΜΗ |z 2005/10/19 | ||